[Event "It (Open) Basel SUI"]
[Site "?"]
[Date "2006.01.04"]
[Round "4"]
[White "Roiz Michael"]
[Black "Sulava Nenad"]
[Result "1/2-1/2"]
[WhiteElo "2599"]
[BlackElo "2497"]
[PlyCount "69"]
[EventDate "2006.??.??"]
[Source "www.chesslib.no"]
[SourceDate "2004.05.04"]

1. d4 e6 2. c4 Nf6 3. Nf3 Bb4+ 4. Nbd2 b6 5. g3 Ba6 6. Qc2 O-O 7. Bg2 d5 8. O-O Bxd2 9. Nxd2 Nc6 10. e3 e5 11. dxe5 Nxe5 12. b3 Qe7 13. cxd5 Bxf1 14. Nxf1 Rfe8 15. Bb2 Rad8 16. e4 Ned7 17. Ne3 Qc5 18. Qxc5 Nxc5 19. f3 a5 20. Rd1 Nfd7 21. Bd4 f6 22. Rc1 Kf7 23. Rc3 g6 24. g4 Rc8 25. Nc4 Nb7 26. f4 b5 27. Nd2 Nd6 28. g5 fxg5 29. fxg5 c5 30. dxc6 Ne5 31. c7 b4 32. Rc5 Nd3 33. Rd5 Re6 34. Bf6 Nf4 35. e5 1/2-1/2